000
00292nam a2200121Ia 4500
008
190802s9999 xx 000 0 und d
020
_a
978-93-325-8573-7
100
_a
Paul Deitel
245
0
_a
C++ How To Program
260
_a
Uttar Pradesh
_b
Pearson
_c
2017
300
_a
1070:p
942
_c
BK
999
_c
2553
_d
2553